| 000 | 00491 a2200169 4500 | ||
|---|---|---|---|
| 082 | _a624.17101515 ROS | ||
| 100 | _aRoss, C. T.F. | ||
| 245 |
_aFinite Element Methods in structural mechanics, 1st Ed _bC.T.F Ross _hEnglish |
||
| 250 | _a1st Ed | ||
| 260 |
_aNY _bEllis Harwood LTD _c1985 |
||
| 300 |
_a320p. _bPhotocopy |
||
| 500 | _aBE textbook Aerospace | ||
| 600 | _tstructural mechanics | ||
| 650 | _astructural mechanics | ||
| 740 | _hEnglish | ||
| 942 |
_aNUST-CAE _k624.17101515 ROS |
||
| 999 |
_c435294 _d435294 |
||